God Bless - Hamza & Damso - Statistiques

Statistiques générales
  • Ce quiz a été pris 327 fois
  • Le résultat moyen est 140 sur 249
Statistiques - réponses
Réponse % Correct
de
93%
bless
91%
god
91%
God
91%
le
91%
ma
91%
la
88%
pas
88%
je
87%
mon
87%
sortir
83%
ne
82%
l'album
80%
plus
80%
attendu
78%
pas
78%
ton
78%
un
78%
j'ai
77%
l'année
77%
banquier
75%
cette
75%
des
75%
est
74%
mais
74%
sortira
74%
h
73%
flow
71%
flingué
70%
T'arretes
70%
c'est
69%
donc
69%
Donc
69%
maintenant
69%
Maintenant
69%
année
68%
Comme
68%
comme
68%
et
68%
que
68%
si
68%
Négro
67%
négro
67%
moi
65%
mes
64%
Dans
63%
dans
63%
met
63%
oeuf
63%
ça
62%
ferme
62%
full
62%
planer
62%
poché
62%
qui
61%
gueule
60%
j'coule
60%
beuh
58%
j'l'ouvre
58%
baisé
57%
fume
57%
meme
57%
money
56%
pour
56%
tas
56%
t'es
56%
dems
55%
elle
55%
raison
55%
vie
55%
cercueil
54%
daronne
53%
seule
53%
sex
53%
avoir
52%
d'taper
52%
Ice
51%
j'sais
51%
j't'ai
51%
espère
50%
ah
48%
en
48%
qu'j'puisse
48%
rose
48%
bah
47%
just
47%
rien
47%
temps
47%
coma
46%
yeux
46%
birthday
45%
cash
45%
j'vais
45%
oui
45%
pénis
45%
sorte
45%
c't'année
44%
l'hosto
44%
Drug
43%
Life
43%
movie
43%
sans
43%
Thug
43%
voir
43%
marche
42%
marié
42%
mont
42%
everest
41%
shit
41%
les
40%
nigga
40%
sur
40%
toi
40%
ouh
39%
fuck
38%
ont
38%
reste
38%
trop
38%
ait
37%
j'aimerais
37%
j'aurais
37%
j'l'aurais
37%
j'me
37%
juste
37%
pupilles
37%
vu
37%
Car
36%
fais
36%
j'crois
36%
baby
35%
nan
35%
qu'mon
35%
racks
35%
serais
35%
synchronisé
34%
quittée
33%
big
32%
désolé
32%
tellement
32%
d'être
31%
j'escalade
30%
basse
29%
dit
28%
haze
28%
trompée
28%
back
27%
bounce
27%
son
27%
up
27%
viennent
27%
booty
26%
Goddamn
26%
j'lui
26%
d'morts
25%
hey
25%
scorsese
25%
woke
25%
aurait
24%
gunshot
22%
Ouais
22%
yeah
22%
basses
21%
eh
21%
bon
15%
ouh-ouh
7%
Ouh-ouh
7%
skurt
7%
Aucun quiz correspondant
Distribution des résultats
% des personnes avec chaque résultat
Percentile par nombre de réponses
Votre historique - résultats
Vous n’avez pas pris ce quiz